| 000 | 00561nam a2200193Ia 4500 | ||
|---|---|---|---|
| 008 | 130729s9999 xx 000 0 und d | ||
| 072 | _aThe Significant Relationship Between The Abstract Theory And It's Applications(General Theory) | ||
| 082 | _a515 | ||
| 082 | _bD918 | ||
| 100 |
_aDunford,Nelson _9586 |
||
| 245 | _aPure And Applied Mathematics:Linear Operators(Part I) | ||
| 245 | _cDunford,Nelson | ||
| 260 | _aNew York | ||
| 260 | _bInterscience | ||
| 260 | _c1966 | ||
| 300 | _a730 | ||
| 300 | _fIllustration,index & reference | ||
| 942 | _cBK | ||
| 999 |
_c6359 _d6359 |
||